000
00303nam a22001337a 4500
020
_a
978-1-8442-2360-2
082
_a
823
_b
MUR/P
100
_a
MURRAY, W
245
_a
PLAY WITH US
_b
KEY WORDS WITH LADY BIRD
260
_a
UK
_b
LADY BIRD
300
_a
50
650
_a
ENGLISH SHORT STORY
_z
UK
942
_c
BK
999
_c
2601
_d
2601